Pavitra Bible (Record no. 229686)
[ view plain ]
| 000 -LEADER | |
|---|---|
| fixed length control field | 00759nam a22002177a 4500 |
| 005 - DATE AND TIME OF LATEST TRANSACTION | |
| control field | 20240615113156.0 |
| 008 - FIXED-LENGTH DATA ELEMENTS--GENERAL INFORMATION | |
| fixed length control field | 240130b ||||| |||| 00| 0 eng d |
| 040 ## - CATALOGING SOURCE | |
| Transcribing agency | AL |
| 041 ## - LANGUAGE CODE | |
| Language code of text/sound track or separate title | Konkani |
| 082 ## - DEWEY DECIMAL CLASSIFICATION NUMBER | |
| Edition number | 23 |
| Classification number | 891.468 |
| Item number | MANP |
| 100 ## - MAIN ENTRY--PERSONAL NAME | |
| Personal name | Mangalore Diocese Ed |
| 100 ## - MAIN ENTRY--PERSONAL NAME | |
| 9 (RLIN) | 171015 |
| 245 ## - TITLE STATEMENT | |
| Title | Pavitra Bible |
| Remainder of title | ಪವಿತ್ರ್ ಬೈಬಲ್ |
| 260 ## - PUBLICATION, DISTRIBUTION, ETC. | |
| Place of publication, distribution, etc. | Manglur |
| Name of publisher, distributor, etc. | Mangalore Diocese |
| Date of publication, distribution, etc. | 2023 |
| 300 ## - PHYSICAL DESCRIPTION | |
| Extent | x,2232p. |
| Other physical details | HB |
| Dimensions | 22x13cm. |
| 365 ## - TRADE PRICE | |
| Source of price type code | Konkani |
| Price type code | A 5989 |
| Price amount | 420.00 |
| Currency code | ₹ |
| Unit of pricing | 420.00 |
| Price note | 0 |
| Price effective from | 26-01-2024 |
| 650 ## - SUBJECT ADDED ENTRY--TOPICAL TERM | |
| Topical term or geographic name entry element | Konkani Bible: ಕೊಂಕ್ಣಿ ಬೈಬಲ್ |
| 9 (RLIN) | 149291 |
| 650 ## - SUBJECT ADDED ENTRY--TOPICAL TERM | |
| Topical term or geographic name entry element | Holy Bible |
| 9 (RLIN) | 149358 |
| 650 ## - SUBJECT ADDED ENTRY--TOPICAL TERM | |
| Topical term or geographic name entry element | catholic Bible |
| 9 (RLIN) | 171016 |
| 700 ## - ADDED ENTRY--PERSONAL NAME | |
| Personal name | MANGALORE DIOCESE: ಮಂಗ್ಳುರ್ ದಿಯೆಸೆಜ್ Ed |
| 9 (RLIN) | 149292 |
| 942 ## - ADDED ENTRY ELEMENTS (KOHA) | |
| Source of classification or shelving scheme | Dewey Decimal Classification |
| Koha item type | Book |
| Withdrawn status | Lost status | Source of classification or shelving scheme | Damaged status | Not for loan | Collection code | Home library | Current library | Date acquired | Source of acquisition | Cost, normal purchase price | Total Checkouts | Full call number | Barcode | Date last seen | Date last checked out | Cost, replacement price | Price effective from | Koha item type |
|---|---|---|---|---|---|---|---|---|---|---|---|---|---|---|---|---|---|---|
| Dewey Decimal Classification | Others | St Aloysius Library | St Aloysius Library | 01/29/2024 | Divya Jyothi DBCLC, Kakkunje-576105 | 420.00 | 1 | 891.468 MANP | 077062 | 11/22/2025 | 11/17/2025 | 420.00 | 01/30/2024 | Book |